Statistics for Saturn Returns Interlude - Ariana Grande (lyrics)

Click here to take the quiz!

General Stats

  • This quiz has been taken 18 times
  • The average score is 79 of 88

Answer Stats

Answer% Correct
about
100%
about
100%
all
100%
and
100%
and
100%
and
100%
And
100%
and
100%
born,
100%
real
100%
real
100%
Saturn
100%
Saturn
100%
the
100%
the
100%
the
100%
the
100%
the
100%
we
100%
we’re
100%
When
100%
when
100%
you
100%
you
100%
you
100%
you
100%
you
100%
you
100%
for
93%
Get
93%
get
93%
head,
93%
head,
93%
head,
93%
hits
93%
Hits
93%
hits
93%
it’s
93%
over
93%
over
93%
over
93%
says,
93%
somewhere
93%
time
93%
to
93%
up!“
93%
up!
93%
up
93%
Wake
93%
wake
93%
“Wake
93%
years
93%
along
87%
along
87%
are
87%
coffee
87%
comes
87%
cycle
87%
life
87%
out
87%
really
87%
smell
87%
sort
87%
sort
87%
takes
87%
That’s
87%
twenty-nine
87%
who
87%
gotta
80%
just
80%
just
80%
kind
80%
of
80%
of
80%
on
80%
our
80%
Saturn’s
80%
Because
73%
been
73%
cleverness
73%
floating
73%
if
73%
know,
73%
Or
73%
relying-,
73%
relying
73%
we’ve
67%
around
60%

Score Distribution

Percentile by Number Answered

Percent of People with Each Score

Your Score History

You have not taken this quiz